| 000 | 00945nam a2200253Ia 4500 | ||
|---|---|---|---|
| 003 | OSt | ||
| 005 | 20220923211139.0 | ||
| 006 | a|||||r|||| 00| 0 | ||
| 007 | ta | ||
| 008 | 220922b |||||||| |||| 00| 0 hin d | ||
| 020 |
_a8185999821 (hbk) _c695 |
||
| 024 | _a234,514 | ||
| 037 |
_b459, 17/03/2008, University Book House _cTextual |
||
| 040 |
_aARTS _cARTS _bhin |
||
| 041 |
_2hin _ahin |
||
| 082 | _aO152,6M83, P5 | ||
| 100 | _aविभुमौलि कुमार | ||
| 245 | 0 | _aकाव्य भाषा और आचार्य रामचंद्र शुक्ल | |
| 246 | _aKāvya bhāṣhā aur āchārya rāmachandra shukla | ||
| 260 |
_aनई दिल्ली _b स्वराज प्रकाशन _c2005 |
||
| 300 |
_a451पृ. _ccm. |
||
| 942 |
_hO152,6M83, P5 _cTEXL _2CC |
||
| 999 |
_c295941 _d295941 |
||